000 01344cam a2200325 a 4500
999 _c10580
_d10580
001 12799246
003 OSt
005 20191231121855.0
008 020603s2002 enkabc b 001 0 eng d
010 _a 2002283296
015 _aGBA1-U7257
020 _a0199250049
035 _a(OCoLC)ocm48416738
040 _aUKM
_coclc
_dDLC
042 _alccopycat
050 0 0 _aHF1379
_b.M375 2002
082 0 0 _a382
_221
_bMAR/I
100 _aMarrewijk, Van Charles
_9559
245 1 0 _aInternational trade and the world economy /
_cCharlen van Marrewijk
260 _aOxford ;
_aNew York :
_bOxford University Press,
_c2002.
300 _a 386 p
_bill., maps, ports. ;
_c25 cm.
504 _aIncludes bibliographical references (p.[366]-371) and index.
650 0 _aInternational trade.
856 4 2 _3Publisher description
_uhttp://www.loc.gov/catdir/enhancements/fy0614/2002283296-d.html
856 4 1 _3Table of contents only
_uhttp://www.loc.gov/catdir/enhancements/fy0614/2002283296-t.html
856 4 2 _3Contributor biographical information
_uhttp://www.loc.gov/catdir/enhancements/fy0723/2002283296-b.html
906 _a7
_bcbc
_ccopycat
_d2
_encip
_f20
_gy-gencatlg
942 _2ddc
_cBK
_h382
_iMAR/I
_k382
_mMAR/I